| 000 | 00660nam a2200253Ia 4500 | ||
|---|---|---|---|
| 003 | OSt | ||
| 005 | 20221005114123.0 | ||
| 006 | a|||||r|||| 00| 0 | ||
| 007 | ta | ||
| 008 | 221004b |||||||| |||| 00| 0 rus d | ||
| 024 | _a47156 | ||
| 037 | _cTextual | ||
| 040 |
_aCRL _cCRL _brus |
||
| 041 |
_2rus _arus |
||
| 082 | _aO142,3N05,2, 31K5 | ||
| 100 |
_aSholokhov Mikhail Au. _9625483 |
||
| 245 | 0 | _aAnd quit flow the don | |
| 260 | _c1965 | ||
| 300 |
_a405p. _ccm. |
||
| 650 | _a RUSSIAN LITERATURE | ||
| 650 | _aRUSSIAN FICTION | ||
| 942 |
_hO142,3N05,2, 31K5 _cTEXL _2cc |
||
| 999 |
_c1030297 _d1030297 |
||